| 000 | 01127cam a2200301 a 4500 | ||
|---|---|---|---|
| 003 | CO-ViMGA | ||
| 005 | 20230915233131.0 | ||
| 008 | 011202s2001 ck a r 00011dspa d | ||
| 020 | _a9588160081 | ||
| 040 |
_aCO-ViMGA _bspa _cCO-ViMGA |
||
| 043 | _ack | ||
| 090 | _aN ZALC1 | ||
| 100 | 1 | 0 |
_aZalamea Borda, Eduardo _d1907-1964 _912076 |
| 245 | 1 | 3 |
_aLa cuarta bateria _bgentes en menguante _cEduardo Zalamea Borda ; prol̤ogo Juan Gustavo Cobo Borda ; transcripcin̤ Angelina Araj͠o Vľez ; edicin̤ Benjamn̕ Villegas |
| 250 | _a1a. ed. | ||
| 260 |
_aBogot _bVillegas Editores _c2001 |
||
| 300 |
_a219 pg̀inas _c21 cm. |
||
| 490 | _aVillegas novela | ||
| 500 | _aDonacin̤ Villegas Editores | ||
| 650 | 1 | 4 |
_aFamilia en la literatura _2LEMB _98461 |
| 650 | 1 | 4 |
_aLiteratura colombiana _2LEMB _ySiglo XX _92515 |
| 650 | 1 | 4 |
_aMilitares en la literatura _2LEMB _99873 |
| 650 | 1 | 4 |
_aNovela colombiana _2LEMB _ySiglo XX _92514 |
| 700 | 1 | 0 |
_aAraj͠o Vľez, Angelina _922588 |
| 700 | 1 | 0 |
_aCobo Borda, Juan Gustavo _d1948- _eprologuista _917299 |
| 700 | 1 | 0 |
_aVillegas, Benjamn̕ _d1948- _eeditor _919960 |
| 942 |
_2ddc _cBK |
||
| 999 |
_c35505 _d35505 |
||